000
00240 a2200085 4500
020
_a
9780799328615
100
_a
Van Der Merwe, Marie
_9
65442
245
_a
Dokter Adri van vreemdelingspoort
999
_c
732659
_d
732658
942
_w
2694
_x
Grace Mofokeng
_y
296
_z
Phillipina Naude